MARC details
| 000 -LEADER |
| fixed length control field |
02044cam a2200349 a 4500 |
| 001 - CONTROL NUMBER |
| control field |
14513626 |
| 003 - CONTROL NUMBER IDENTIFIER |
| control field |
OSt |
| 005 - DATE AND TIME OF LATEST TRANSACTION |
| control field |
20150724120424.0 |
| 008 - FIXED-LENGTH DATA ELEMENTS--GENERAL INFORMATION |
| fixed length control field |
060823s2006 dcu b 001 0 eng |
| 010 ## - LIBRARY OF CONGRESS CONTROL NUMBER |
| LC control number |
2006027764 |
| 015 ## - NATIONAL BIBLIOGRAPHY NUMBER |
| National bibliography number |
GBA678861 |
| Source |
bnb |
| 016 7# - NATIONAL BIBLIOGRAPHIC AGENCY CONTROL NUMBER |
| Record control number |
013552828 |
| Source |
Uk |
| 020 ## - INTERNATIONAL STANDARD BOOK NUMBER |
| International Standard Book Number |
0815717202 (cloth : alk. paper) |
| 020 ## - INTERNATIONAL STANDARD BOOK NUMBER |
| International Standard Book Number |
9780815717201 (cloth : alk. paper) |
| 020 ## - INTERNATIONAL STANDARD BOOK NUMBER |
| International Standard Book Number |
9780815717201 |
| 035 ## - SYSTEM CONTROL NUMBER |
| System control number |
(OCoLC)ocm71347853 |
| 035 ## - SYSTEM CONTROL NUMBER |
| System control number |
(OCoLC)71347853 |
| 040 ## - CATALOGING SOURCE |
| Original cataloging agency |
SEKU |
| 042 ## - AUTHENTICATION CODE |
| Authentication code |
lcac |
| 050 00 - LIBRARY OF CONGRESS CALL NUMBER |
| Classification number |
HD 75 |
| Item number |
.D3 2006 |
| 100 1# - MAIN ENTRY--PERSONAL NAME |
| Personal name |
Dam, Kenneth W. |
| 245 14 - TITLE STATEMENT |
| Title |
The law-growth nexus : |
| Remainder of title |
the rule of law and economic development |
| Statement of responsibility, etc. |
Kenneth W. Dam. |
| 260 ## - PUBLICATION, DISTRIBUTION, ETC. (IMPRINT) |
| Place of publication, distribution, etc. |
Washington, D.C. : |
| Name of publisher, distributor, etc. |
Brookings Institution Press, |
| Date of publication, distribution, etc. |
c2006. |
| 300 ## - PHYSICAL DESCRIPTION |
| Extent |
xii, 323 p. ; |
| Dimensions |
24 cm. |
| 504 ## - BIBLIOGRAPHY, ETC. NOTE |
| Bibliography, etc |
Includes bibliographical references (p. 279-311) and index. |
| 505 0# - FORMATTED CONTENTS NOTE |
| Formatted contents note |
Why this book? -- Part I : Perspectives on law and economic development. 1. Where does the rule of law fit in economic development? 2. Legal institutions, legal origins, and governance. 3. Competing explanations. 4. Institutions and history -- Part II : Enforcement, contracts, and property. 5. Judiciary. 6. Contracts and property. 7. Land -- Part III : The financial sector. 8. Equity markets and the corporation. 9. Credit markets, banks, and bankruptcy -- Part IV : A review of some key themes. 10. The implications of a rule-of-law approach to economic development. 11. China as a test case. |
| 520 ## - SUMMARY, ETC. |
| Summary, etc. |
"Examines the underlying mechanisms through which the law, judiciary, and legal profession influence the economy. Analyzes enforcement, contracts, and property rights--the concepts collectively defining rule of law--and examines their roles in the real estate and financial sectors. Extended China analysis assesses the importance of the rule of law"--Provided by publisher. |
| 650 #0 - SUBJECT ADDED ENTRY--TOPICAL TERM |
| Topical term or geographic name as entry element |
Economic development. |
| 650 #0 - SUBJECT ADDED ENTRY--TOPICAL TERM |
| Topical term or geographic name as entry element |
Rule of law. |
| 856 41 - ELECTRONIC LOCATION AND ACCESS |
| Materials specified |
Table of contents only |
| Uniform Resource Identifier |
<a href="http://www.loc.gov/catdir/toc/ecip0620/2006027764.html">http://www.loc.gov/catdir/toc/ecip0620/2006027764.html</a> |
| 942 ## - ADDED ENTRY ELEMENTS (KOHA) |
| Source of classification or shelving scheme |
Library of Congress Classification |
| Koha item type |
General circulation |